000 00220nam a2200085Ia 4500
245 0 _aSewing basics
100 _a GARDINER, Wendy Cape Town, 2003
_983266
942 _cBK
008 210817s9999 xx 000 0 und d
999 _c302959
_d302958